Fragile frontiers : (Record no. 91994)

MARC details
000 -LEADER
fixed length control field 00666nam a22001937a 4500
005 - DATE AND TIME OF LATEST TRANSACTION
control field 20150427110807.0
010 ## - LCCN (DPL NO)
LC control number ENG-112313
020 ## - INTERNATIONAL STANDARD BOOK NUMBER
International Standard Book Number 9781138790773
Terms of availability 995.00
035 ## - SYSTEM CONTROL NUMBER
System control number EN-95845
037 ## - SOURCE OF ACQUISITION
Source of stock number/acquisition DBAD/PUB
082 ## - DEWEY DECIMAL CLASSIFICATION NUMBER
Classification number 363.3250954792
100 ## - MAIN ENTRY--PERSONAL NAME
Personal name Rath, Saroj Kumar
245 ## - TITLE STATEMENT
Title Fragile frontiers :
Statement of responsibility, etc by Saroj Kumar Rath
Remainder of title the secret history of Mumbai terror attacks /
260 ## - PUBLICATION, DISTRIBUTION, ETC. (IMPRINT)
Place of publication, distribution, etc New Delhi
Name of publisher, distributor, etc Routledge
Date of publication, distribution, etc 2014
270 ## - ADDRESS
Address 912,Tolstoy House, 15-17 Tolstoy Marg, Connaught Place
City New Delhi
Postal code 110001
300 ## - PHYSICAL DESCRIPTION
Extent xxi,356p.
Dimensions 23cm(Hb)
500 ## - GENERAL NOTE
General note Includes bibliographical references and index
942 ## - ADDED ENTRY ELEMENTS (KOHA)
Source of classification or shelving scheme Dewey Decimal Classification
Item type English Books
Call number suffix RAT
Classification part 363.3250954792
Holdings
Withdrawn status Lost status Not for loan Collection code Home library Current library Date acquired Source of acquisition Cost, normal purchase price Full call number Barcode Copy number Cost, replacement price Koha item type
    Not For Loan Non-fiction D.B.Act.Division D.B.Act.Division 27/02/2015 DBAD/PUB 995.00 363.3250954792 RAT EN-95845 1 995.00 English Books

© Delhi Public Library
Hit Counter
free hit counter